000 00375nam a2200157Ia 4500
008 100122s9999 xx 000 0 und d
082 _b62027
_aB823
100 _aDEFOE DANIEL
245 _aROBINSON CRUSOE
250 _a0
260 _bHAR-ANAND PUBLICATIONS PVT LTD
_c2001
300 _a131
630 _aROBINSON CRUSOE
730 _aROBINSON CRUSOE
942 _cBOOK
999 _c378587
_d378584